Holiday Quiz

Random Holiday or Verse Quiz

12 Days of Christmas: Final Verse Quiz Stats

 Plays Quiz Updated Dec 24, 2012

Challenge
Share
Tweet
Embed
Score 0/51 Timer 03:00
6 Plays Today
% Correct
On
97.4%
the
97.2%
twelfth
97.1%
a
96.9%
a
96.9%
day
96.6%
Christmas,
96.4%
of
96.4%
Twelve
96%
my
95.9%
me,
95.9%
to
95.9%
love
95.7%
true
95.6%
gave
95.4%
Five
95.3%
Four
94.7%
Two
94.7%
Three
94.6%
'Leven
94.2%
Seven
94.1%
golden
94%
Ten
94%
Nine
94%
Eight
93.9%
Six
93.9%
% Correct
tree.
93.4%
rings,
93.3%
pear
93%
turtledoves,
92.8%
in
92.6%
partridge
91.7%
hens,
91.3%
And
91.3%
French
91.1%
maids
87%
a-milking,
86.2%
birds,
85.5%
geese
84.6%
lords
84.2%
calling
84.2%
a-leaping,
84%
a-laying,
83.8%
swans
81.7%
dancing,
81.2%
a-swimming,
80.7%
ladies
79.6%
pipers
77.7%
piping,
77.1%
drummers
76.4%
drumming,
76.1%

You're not logged in!

Compare scores with friends on all Sporcle quizzes.
OR
Log In

You Might Also Like...

Show Comments

Extras

Top Quizzes Today


Score Distribution

Your Account Isn't Verified!

In order to create a playlist on Sporcle, you need to verify the email address you used during registration. Go to your Sporcle Settings to finish the process.

Report this User

Report this user for behavior that violates our Community Guidelines.

Details: